000 00682nam a2200241Ia 4500
003 OSt
005 20220926040340.0
006 a|||||r|||| 00| 0
007 ta
008 220923b |||||||| |||| 00| 0 eng d
037 _cGeneral Book
040 _aRTL
_cRTL
_beng
041 _2eng
_aeng
082 _aX:329v73.N, K4
100 _aTolles N Arnold
_9343516
245 0 _aOrigins of modern wage theories
260 _c1954
300 _axii,241p
_ccm.
490 _aPrentice-Hall Industrial Relations and Personal Series, ed by Dale Yoder
650 _aWages
_9229845
942 _hX:329v73.N, K4
_cGB
_2CC
999 _c664532
_d664532